000 00656nam a2200217 a 4500
001 18990
003 CO-ViMGA
008 141112s2004 ck r 000 u spa d
020 _a847112419X
040 _aCO-ViMGA
_bspa
_cCO-ViMGA
082 0 4 _a155.4 A774
100 1 _aAstington, J.W.
_927176
245 1 0 _aEl Descubrimiento infantil de la mente
260 _aMadrid :
_bEdiciones Morata; 2004
300 _a246 p.
490 _aColección Psicología : El desarrollo en el Niño
590 _aForma de adquisición : Proyecto 2005 - - Precio :
_60.300
650 1 4 _aPSICOLOGIA INFANTIL
_91631
650 1 4 _aTEORIA DEL CONOCIMIENTO
942 _2ddc
_cBK
999 _c28180
_d28180